000 00714nam a22002057a 4500
003 OSt
005 20260127064458.0
008 260127b |||||||| |||| 00| 0 eng d
020 _a 13 : 978-1-59749-137-2.
040 _aDWCL-Admin lib
_cOC
082 _aCirc. 005.3 W237h 2007
100 _aWalther, Henrik
245 _aHow to cheat at configuring exchange server 2007 including outlook web, mobile and voice access /
_cHenrik Walther
260 _a Rockland, MA :
_bSyngress Publishing, Inc.,
_cc2007.
300 _a xxii, 592 p. :
_bill. ;
_c23 cm.
504 _aIncludes index.
650 _a1. Client/server computing.
650 _a2. Microsoft exchange server.
942 _2ddc
_cBK-CIRC
_hCirc.
_n0
999 _c7875
_d7875